000 00697nam a22001817a 4500
999 _c18684
_d18684
003 AR-CdUCM
008 190515b ||||| |||| 00| 0 spa d
040 _aMUNICIPALIDAD PROVINCIAL DEL CUSCO
_cBIBLIOTECA MUNICIPAL DEL CUSCO
082 _a350 /
_bT78
100 _aTrecker, Harleigh Bradley
_939420
245 _aNuevos conceptos administrativos para los servicios de comunidad y bienestar social /
260 _aArgentina :
_bBibliográfica Omeba,
_c1966.
300 _a183 paginas ;
_c20 cm.
505 _aContenido :La administración :Propósito y proceso --La técnica administrativa /
650 _aAdministración de empresas
_96082
942 _2ddc
_cLIBROS
945 _arjall
_d2019-05-15